100 nhân vật đương đại tạo nên diện mạo thế giới = 100 people who shape our world

Kể về 100 nhân vật đương đại nổi tiếng của thế giới trong các lĩnh vực văn hóa nghệ thuật, chính trị tư tưởng, các nhà lãnh đạo cách mạng...

Bewaard in:
Bibliografische gegevens
Formaat: Boek
Taal:Undetermined
Gepubliceerd in: Hà Nội Công an nhân dân 2010
Onderwerpen:
Tags: Voeg label toe
Geen labels, Wees de eerste die dit record labelt!
Thư viện lưu trữ: Trung tâm Học liệu Trường Đại học Cần Thơ
LEADER 00886nam a2200205Ia 4500
001 CTU_158729
008 210402s9999 xx 000 0 und d
020 |c 48000 
082 |a 920.009 
082 |b M458 
245 0 |a 100 nhân vật đương đại tạo nên diện mạo thế giới = 
245 0 |b 100 people who shape our world 
245 0 |c Đào Tuấn dịch 
260 |a Hà Nội 
260 |b Công an nhân dân 
260 |c 2010 
520 |a Kể về 100 nhân vật đương đại nổi tiếng của thế giới trong các lĩnh vực văn hóa nghệ thuật, chính trị tư tưởng, các nhà lãnh đạo cách mạng... 
650 |a 100 people who shape our world,Tiểu sử người nổi tiếng 
910 |a Nguyên 
980 |a Trung tâm Học liệu Trường Đại học Cần Thơ